000 00315nam a2200109Ia 4500
008 200302s9999 xx 000 0 und d
100 _aColin Amery
245 _aArchitecture, Industry and Innovation the Early work of Nicholas Grimshaw & Partners
260 _bPhaidon Press Ltd.
260 _c1995
300 _a256 P.,
999 _c3823
_d3823